Исследование антиоксидантной активности дигидрокверцетина; Химия и химическая технология в XXI веке

Podrobná bibliografie
Parent link:Химия и химическая технология в XXI веке.— 2005.— С. 165-166
Hlavní autor: Казарина С. А.
Další autoři: Лукина А. Н. (научный руководитель)
Jazyk:ruština
Vydáno: 2005
Témata:
Médium: MixedMaterials Kapitola
KOHA link:https://koha.lib.tpu.ru/cgi-bin/koha/opac-detail.pl?biblionumber=138814

MARC

LEADER 00000naa2a2200000 4500
001 138814
005 20231031141544.0
035 |a (RuTPU)RU\TPU\book\150394 
090 |a 138814 
100 |a 20080530d2005 k y0rusy50 ca 
101 0 |a rus 
102 |a RU 
200 1 |a Исследование антиоксидантной активности дигидрокверцетина  |f С. А. Казарина  |g науч. рук. А. Н. Лукина 
463 0 |0 (RuTPU)RU\TPU\book\118373  |t Химия и химическая технология в XXI веке  |o материалы VI Всероссийской студенческой научно-практической конференции, 11-12 мая 2005 г., Томск  |f Томский политехнический университет; под ред. А. А. Бакибаева  |v С. 165-166  |d 2005  |p 352 с. 
610 1 |a дигидрокверцетин 
610 1 |a антиоксиданты 
610 1 |a антиоксидантная активность 
610 1 |a человек 
610 1 |a человеческий организм 
610 1 |a кислород 
610 1 |a метаболизм 
610 1 |a малоактивные радикалы 
610 1 |a труды учёных ТПУ 
700 1 |a Казарина  |b С. А. 
702 1 |a Лукина  |b А. Н.  |4 727 
801 1 |a RU  |b 63413507  |c 20080530  |g PSBO 
801 2 |a RU  |b 63413507  |c 20111220  |g RCR 
942 |c BK